| 000 | 00423nab a2200145 4500 | ||
|---|---|---|---|
| 003 | ES-SlBC | ||
| 005 | 20210601123523.0 | ||
| 008 | 130611s2012 sp ||||| |||| 00| 0 spa d | ||
| 040 |
_aES-SlBC _bSPA |
||
| 041 | _aspa | ||
| 100 | 1 |
_aGuerra de Armas, José Luis _974254 |
|
| 245 | 1 | 0 |
_a50 años de la revista Almogaren _cJosé Luis Guerra |
| 773 | 0 |
_gNº. 50, 2012, págs. 9-16 _tAlmogaren _wRev13 _x1695-2669 |
|
| 942 |
_2udc _cAR |
||
| 999 |
_c422785 _d422785 |
||